| 000 | 02260nam a22003377a 4500 | ||
|---|---|---|---|
| 005 | 20130717151525.0 | ||
| 008 | 110908s2010 ck abdo r 000 0dspa d | ||
| 020 | _a9789587163827 | ||
| 041 | 0 | _aspa | |
| 082 | 0 | 4 |
_a574.5 _bM29m |
| 245 | 0 | 0 |
_aManual para la restauración ecológica de los ecosistemas disturbados del distrito capital _cJosé Ignacio Barrera Cataño...[et al.] |
| 250 | _a1a ed. | ||
| 260 |
_aBogotá : _bPontificia Universidad Javeriana _bSecretaría Distrital de Ambiente _c2010. |
||
| 300 |
_a401 p. _bilustraciones, diagramas, fotos a color, mapas y tablas _c28 cm. |
||
| 504 | _aIncluye referencias bibliográficas (p. 367-392) y glosario. | ||
| 505 | 0 |
_tConceptos básicos para abordar la restauración ecológica. -- _tBogotá Distrito Capital y sus ecosistemas. -- _tEl papel del Estado y la sociedad civil en la gestión ambiental y la restauración ecológica de las áreas degradadas del Distrito Capital. -- _tFases para desarrollar un proyecto de restauración ecológica. -- _tLa investigación como soporte de la restauración ecológica. -- _tEstrategias para la restauración ecológica de áreas disturbadas en el Distrito Capital. -- _tAlgunas experiencias de restauración ecológica en el Distrito Capital. -- _tPlantas para la restauración ecológica. |
|
| 590 | _aEjemplares con dedicatoria y autografiados por el autor. | ||
| 650 | 1 | 4 |
_aRestauración ecológica _zBogotá (Colombia) _9576 |
| 650 | 2 | 4 |
_aEcosistemas _zBogotá (Colombia) _9577 |
| 650 | 2 | 4 |
_aEcología aplicada _zBogotá (Colombia) _9578 |
| 650 | 2 | 4 |
_aGestión ambiental _zBogotá (Colombia) _9579 |
| 650 | 2 | 4 |
_aPolítica ambiental _zBogotá (Colombia) _9580 |
| 650 | 2 | 4 |
_aProtección del medio ambiente _zBogotá (Colombia) _9581 |
| 700 | 1 |
_aBarrera Cataño, José Ignacio _9582 |
|
| 700 | 1 |
_aContreras Rodríguez, Sandra Milena _9583 |
|
| 700 | 1 |
_aGarzón Yepes, Natasha Valentina _9584 |
|
| 700 | 1 |
_aMoreno Cárdenas, Ana Carolina _9585 |
|
| 710 | 2 |
_aPontificia Universidad Javeriana _bFacultad de Ciencias _bDepartamento de Biología _bEscuela de Restauración Ecológica (ERE) _9586 |
|
| 710 | 2 |
_aPontificia Universidad Javeriana _bFacultad de Ciencias _bDepartamento de Biología _bUnidad de Ecología y Sistemática (UNESIS) _9587 |
|
| 942 |
_2ddc _cIMPRESO |
||
| 999 |
_c7390 _d7390 |
||